The role of plastics in house structure.

Bibliographic Details
Main Author: Platts, R. E.
Format: Book
Language:English
Published: Ottawa : National Research Council, Canada, Division of Building Research, 1964.
Series:Technical paper (National Research Council Canada. Division of Building Research) ; no. 176.
Subjects:

MARC

Tag First Indicator Second Indicator Subfields
LEADER 00000cam a2200000 4500
001 in00000093164
005 20150925085304.0
008 800401s1964 onca f00000 eng d
035 |a (OCoLC)06152701 
035 |9 AAL1747AM 
040 |a TXA  |c TXA  |d UtOrBLW 
049 |a TXAM  |c 1 [1334491]  |c 2 [1334492] 
090 |a TH1  |b .N48 no. 176 
100 1 |a Platts, R. E. 
245 1 4 |a The role of plastics in house structure. 
264 1 |a Ottawa :  |b National Research Council, Canada, Division of Building Research,  |c 1964. 
300 |a 17 :  |b illustrations 
336 |a text  |b txt  |2 rdacontent 
337 |a unmediated  |b n  |2 rdamedia 
338 |a volume  |b nc  |2 rdacarrier 
490 1 |a Technical paper no. 176 
650 0 |a Plastics in building. 
650 0 |a Plastics. 
830 0 |a Technical paper (National Research Council Canada. Division of Building Research) ;  |v no. 176. 
999 |a MARS 
999 f f |s b8b1f2b3-7805-3a58-9a71-f0f35ede91c8  |i aaf90c83-ead9-3bb4-bb23-7a5546aefefe  |t 0 
952 f f |p ric  |a Texas A&M University  |b Rellis Campus  |c Joint Library Facility  |d Remote Storage  |t 0  |e TH1 .N48 no. 176  |h Library of Congress classification  |i unmediated -- volume  |m A14805398536 
952 f f |p ric  |a Texas A&M University  |b Rellis Campus  |c Joint Library Facility  |d Remote Storage  |t 0  |e TH1 .N48 no. 176  |h Library of Congress classification  |i unmediated -- volume  |m A14805398528 
998 f f |a TH1 .N48 no. 176  |t 0  |l Remote Storage 
998 f f |a TH1 .N48 no. 176  |t 0  |l Remote Storage